000 00414nam a2200169Ia 4500
003 GCL
008 140319s9999 xx 000 0 eng d
040 _aGCL /
_cGCL
082 0 4 _a709.32
_bR A
100 1 _aRIUNITI,(EDIT)
245 1 0 _aL'ARTE EGIZIANA /
_cRIUNITI,(EDIT)
260 _a[S.N] :
_bARTIA ،
_c1963
650 0 4 _aART - EGYPT
650 0 4 _aANCIENT EGYPTIAN ART
650 0 4 _aARTS
942 _2ddc
_cBK
999 _c19396
_d19396